| 000 | 00463cam a2200157 a 4500 | ||
|---|---|---|---|
| 001 | 000002552 | ||
| 005 | 20200929150219.0 | ||
| 008 | 850510s1945 mx 000 0 spa | ||
| 040 |
_aDO-SdBNP _bspa _cBNPHU |
||
| 082 |
_a347.01682 _bS718n |
||
| 100 | 1 |
_a[Soto Armenta, Carlos] _98040 |
|
| 245 | 1 | 3 | _aEl notariado y algunas reformas a su ley. |
| 260 |
_aMéxico : _bEscuela Libre de Derecho, _c1945. |
||
| 300 |
_a100 p. ; _c23 cm. |
||
| 650 | 4 |
_aNotarios _zMéxico _98041 |
|
| 999 |
_c2388 _d2388 |
||